00345 2200145 4500245003800000020001800038250001200056100002000068650001600088005001900104260004500123041001400168084000800182336000900190 aMockingJaycSuzanne CollinshText a9789792278439 aCet. 15 aSuzanne Collins aNovel Fiksi a20240903091247 aJakartabPT Gramedia Pustaka Utamac2014 aIndonesia a823 atext